Board Games without their vowels - Statistics

General Stats
  • This quiz has been taken 39 times
  • The average score is 12 of 15
Answer Stats
Hint Answer % Correct
Chckrs Checkers
100%
Chss Chess
100%
Cnnct Fr Connect Four
100%
Mnpl Monopoly
100%
Bttlshp Battleship
97%
Rsk Risk
97%
Scrbbl Scrabble
97%
Th Gm f Lf The Game Of Life
97%
Ytz Yatzee
81%
Trbl Trouble
78%
Pctnr Pictionary
72%
Cnd Lnd Candy Land
69%
Cl Clue
69%
Tckt T Rd Ticket To Ride
58%
Sttlrs f Ctn Settlers Of Catan
31%
No matching quizzes found
Score Distribution
Percent of People with Each Score
Percentile by Number Answered
Your Score History
You have not taken this quiz